| 000 | 01235cam a2200373 a 4500 | ||
|---|---|---|---|
| 001 | 9097955 | ||
| 003 | ARRUPE | ||
| 005 | 20141029020007.0 | ||
| 008 | 110520s2011 ctuab b 001 0 eng c | ||
| 010 | _a 2011021877 | ||
| 020 | _a9780300148763 (cl : alk. paper) | ||
| 020 | _a0300148763 (cl : alk. paper) | ||
| 024 | _a40020019035 | ||
| 035 | _a(OCoLC)711045582 | ||
| 035 | _a(OCoLC)ocn711045582 | ||
| 035 | _a(NNC)9097955 | ||
| 040 |
_aIEN/DLC _cDLC _dYDX _dBTCTA _dERASA _dUKMGB _dYDXCP _dOCO |
||
| 042 | _apcc | ||
| 043 | _af-ke--- | ||
| 050 | 0 | 0 |
_aDT433.58 _b.B73 2011 |
| 082 | 0 | 0 |
_a967.6204 _223 |
| 100 | 1 |
_aBranch, Daniel, _d1978- _94211 |
|
| 245 | 1 | 0 |
_aKenya : _bbetween hope and despair, 1963-2011 / _cDaniel Branch. |
| 260 |
_aNew Haven : _bYale University Press, _c2011. |
||
| 300 |
_axi, 366 p. : _bill., map, _c25 cm. |
||
| 504 | _aIncludes bibliographical references and index. | ||
| 651 | 0 |
_aKenya _xPolitics and government _y1963-1978. _94212 |
|
| 651 | 0 |
_aKenya _xPolitics and government _y1978-2002. _94213 |
|
| 651 | 0 |
_aKenya _xPolitics and government _y2002- _94214 |
|
| 651 | 0 |
_aKenya _xSocial conditions _y1963- _94215 |
|
| 942 |
_2lcc _cMONOGRAPH _05 |
||
| 948 | 1 |
_a20111122 _bc _cdc21 _dMPS |
|
| 999 |
_c118780 _d118780 |
||